Normal view
MARC view
- Nemec, Lois Gadd
Entry Nombre Personal
001 - NUMERO DE CONTROL
- campo de control: 49129
003 - IDENTIFICADOR DE NUMERO DE CONTROL
- campo de control: DLC
005 - FECHA Y HORA DE LA ÜLTIMA TRANSACCIÓN
- campo de control: 20230601112707.0
008 - DATOS DE LONGITUD FIJA
- campo de control de longitud fija: 200724n| azannaabn |a aaa c
010 ## - NÚMERO DE CONTROL DE LA BIBLIOTECA DEL CONGRESO
- Número de control LC: no2020088032
035 ## - NUMERO DE CONTROL
- Número de control: (OCoLC)oca13084314
040 ## - FUENTE DE CATALOGACIÓN
- Agencia original de catalogación: WaBeW
- Lenguaje de catalogación: spa
- Description conventions: rda
- Agencia de transcripción: WaBeW
- Agencia que lo modifica: MX-MxUPN
100 1# - ENCABEZAMIENTO - NOMBRE PERSONAL
- Nombre personal: Nemec, Lois Gadd
370 ## - LUGAR ASOCIADO
- Associated country: Estados Unidos
372 ## - CAMPO DE ACTIVIDAD
- Field of activity: Educación primaria
374 ## - OCUPACIÓN
- Occupation: Educador
377 ## - LENGUA ASOCIADA
- Language code: eng
400 1# - VEÁSE - NOMBRE DE PERSONA
- Personal name: Nemec, Lois G.
- Fuller form of name: (Lois Gadd)
670 ## - FUENTE EN LA QUE SE LOCALIZARON DATOS
- Cita de la fuente: Waddell, John F. Helpers, 1937:
- Información localizada: portada (Lois Gadd Nemec)
670 ## - FUENTE EN LA QUE SE LOCALIZARON DATOS
- Cita de la fuente: School friends, 1940:
- Información localizada: portada (Lois G. Nemec)
902 ## - CATALOGADOR
- Catalogador: Víctor Ruiz/010623
